[Event "Znojemská Rotunda 2008"]
[Site "?"]
[Date "2008.08.16"]
[Round "1.1"]
[White "Slacky, Stanislav"]
[Black "Hemala, Lubos"]
[Result "1-0"]
[WhiteElo "2157"]
[BlackElo "1666"]
[PlyCount "91"]
[EventDate "2008.08.??"]
[SourceDate "2008.08.16"]

1. d4 d5 2. c4 e6 3. Nf3 Nf6 4. g3 b6 5. Bg2 Bb7 6. O-O Be7 7. Qc2 O-O 8. Ne5
c5 9. dxc5 Qc7 10. c6 Nxc6 11. cxd5 Nxd5 12. Nxc6 Qxc6 13. Nc3 Qc4 14. Qb3 Qxb3
15. axb3 Nxc3 16. bxc3 Bxg2 17. Kxg2 Bf6 18. Bd2 Rfc8 19. Rfc1 Rc7 20. Ra6 Rd8
21. Rc2 Rdd7 22. Be3 g6 23. c4 Bd4 24. Kf3 f5 25. Rd2 e5 26. Bxd4 Rxd4 27. Rxd4
exd4 28. g4 Kf7 29. gxf5 gxf5 30. Ra1 Rd7 31. Rd1 Ke6 32. Kf4 h6 33. Rd3 Kf6
34. b4 Re7 35. Rxd4 Rxe2 36. f3 Rxh2 37. Rd6+ Ke7 38. Rc6 Kd7 39. b5 Rh5 40.
Ke5 Rh3 41. f4 a5 42. Rxb6 a4 43. Rb7+ Kc8 44. Ra7 a3 45. c5 Rd3 46. b6 1-0

[Event "Znojemská Rotunda 2008"]
[Site "?"]
[Date "2008.08.16"]
[Round "1.2"]
[White "Bastyr, Pavel"]
[Black "Dvorak, Libor"]
[Result "0-1"]
[WhiteElo "1599"]
[BlackElo "2130"]
[PlyCount "26"]
[EventDate "2008.08.??"]
[SourceDate "2008.08.16"]

1. d4 Nf6 2. Bg5 g6 3. Bxf6 exf6 4. e4 d6 5. Bc4 Bg7 6. Nf3 f5 7. Qe2 O-O 8.
O-O Re8 9. e5 Nc6 10. Nc3 dxe5 11. dxe5 Nxe5 12. Nxe5 Bxe5 13. Rfe1 Bxh2+ 0-1

[Event "Znojemská Rotunda 2008"]
[Site "?"]
[Date "2008.08.16"]
[Round "1.3"]
[White "Fojtik, Tomas"]
[Black "Mrazik, Vladislav"]
[Result "1/2-1/2"]
[WhiteElo "2093"]
[BlackElo "1939"]
[PlyCount "89"]
[EventDate "2008.08.??"]
[SourceDate "2008.08.16"]

1. d4 d5 2. c4 c6 3. Nc3 Nf6 4. cxd5 cxd5 5. Bf4 Bf5 6. e3 e6 7. Nf3 Be7 8. Qb3
Qb6 9. Bxb8 Rxb8 10. Bb5+ Kf8 11. O-O a6 12. Ba4 Qxb3 13. Bxb3 Bd6 14. Rfc1 Ke7
15. Nd2 b5 16. Bc2 Bg6 17. Bxg6 hxg6 18. h3 g5 19. Rc2 g4 20. hxg4 Nxg4 21.
Rac1 Bh2+ 22. Kf1 Bd6 23. Ke2 Rh2 24. Nf3 Rhh8 25. Nb1 Kd7 26. Nbd2 Rbc8 27.
Nb3 Rxc2+ 28. Rxc2 Rc8 29. Rxc8 Kxc8 30. Ng5 Nh6 31. Nc1 Kd7 32. Nd3 f6 33. Nf3
Kc6 34. Nfe1 a5 35. Nc2 g5 36. f3 f5 37. Nce1 Nf7 38. Nc2 Nh6 39. Nc1 Nf7 40.
Nb3 Kb6 41. Ne1 a4 42. Nd2 Bf8 43. Nd3 Nh6 44. b3 f4 45. Kf2 1/2-1/2

[Event "Znojemská Rotunda 2008"]
[Site "?"]
[Date "2008.08.16"]
[Round "1.4"]
[White "Bednar, Vaclav"]
[Black "Blazek, Milos"]
[Result "0-1"]
[WhiteElo "1798"]
[BlackElo "2074"]
[PlyCount "70"]
[EventDate "2008.08.??"]
[SourceDate "2008.08.16"]

1. e4 e5 2. Nf3 Nc6 3. Bc4 Nf6 4. d3 Bc5 5. c3 d6 6. b4 Bb6 7. Qb3 O-O 8. a4 a6
9. O-O Bg4 10. Ng5 Bh5 11. Be3 h6 12. Bxb6 cxb6 13. Nh3 g5 14. f3 Rc8 15. Nd2
b5 16. axb5 axb5 17. Bd5 Qb6+ 18. Nf2 g4 19. Kh1 gxf3 20. Nxf3 Ne7 21. g4 Nfxd5
22. exd5 Bg6 23. Ne4 Bxe4 24. dxe4 Qe3 25. Rae1 Qxc3 26. Qxc3 Rxc3 27. Nh4 Kg7
28. Nf5+ Nxf5 29. gxf5 Kf6 30. Rg1 Rfc8 31. Rg4 Rc1 32. Rxc1 Rxc1+ 33. Kg2 Rc4
34. Kg3 h5 35. Rh4 Kg5 0-1

[Event "Znojemská Rotunda 2008"]
[Site "?"]
[Date "2008.08.16"]
[Round "1.5"]
[White "Dobes, Oldrich"]
[Black "Rysavy, Jan"]
[Result "1-0"]
[WhiteElo "2032"]
[BlackElo "1706"]
[PlyCount "53"]
[EventDate "2008.08.??"]
[SourceDate "2008.08.16"]

1. Nf3 d6 2. d4 g6 3. g3 Bg7 4. Bg2 f5 5. O-O Nf6 6. c4 O-O 7. Nc3 Qe8 8. Qb3
Kh8 9. Bf4 h6 10. Rae1 Nc6 11. Nb5 Qd7 12. Rd1 Ng4 13. h3 Nf6 14. d5 Nd8 15.
Nfd4 a6 16. Nc3 g5 17. Bc1 Qe8 18. Qc2 Nh5 19. Kh2 c5 20. dxc6 Nxc6 21. Nxc6
bxc6 22. f4 Qg6 23. Qd3 gxf4 24. gxf4 Rg8 25. Bxc6 Bd4 26. Qxd4+ e5 27. Qf2 1-0

[Event "Znojemská Rotunda 2008"]
[Site "?"]
[Date "2008.08.16"]
[Round "1.6"]
[White "Havel, Vojtech"]
[Black "Jostic, Peter"]
[Result "0-1"]
[WhiteElo "1684"]
[BlackElo "1998"]
[PlyCount "58"]
[EventDate "2008.08.??"]
[SourceDate "2008.08.16"]

1. d4 Nf6 2. c4 g6 3. Nf3 Bg7 4. Nc3 d5 5. e3 O-O 6. Bd3 c5 7. h3 cxd4 8. exd4
Nc6 9. O-O Re8 10. Re1 Nb4 11. Bb1 dxc4 12. a3 Nbd5 13. Ba2 Nxc3 14. bxc3 b5
15. Bf4 Nd5 16. Bd2 Bf5 17. Bb1 Bxb1 18. Qxb1 Rb8 19. Qc2 Qc7 20. Qe4 e6 21.
Qh4 Qe7 22. Qg3 a5 23. Ne5 Qc7 24. Qh4 b4 25. axb4 axb4 26. cxb4 c3 27. Bh6
Rxb4 28. Bxg7 Kxg7 29. Nf3 Qf4 0-1

[Event "Znojemská Rotunda 2008"]
[Site "?"]
[Date "2008.08.16"]
[Round "1.7"]
[White "Jadud, Oto"]
[Black "Chlapecka, Adam"]
[Result "1-0"]
[WhiteElo "1989"]
[BlackElo "1645"]
[PlyCount "55"]
[EventDate "2008.08.??"]
[SourceDate "2008.08.16"]

1. e4 c5 2. Nf3 d6 3. d4 cxd4 4. Nxd4 Nf6 5. Nc3 a6 6. a4 e6 7. Bc4 Be7 8. Bb3
O-O 9. O-O Nbd7 10. Bxe6 fxe6 11. Nxe6 Qb6 12. Nxf8 Nxf8 13. b3 Ne6 14. Be3 Qb4
15. Nd5 Nxd5 16. Qxd5 Kh8 17. Rad1 Nc5 18. e5 Ne4 19. Rd4 Nc3 20. Qf3 Qa3 21.
exd6 Bxd6 22. Bf4 Be7 23. Qxc3 Bf6 24. Be5 Qe7 25. Re1 Bf5 26. Rf4 Bxe5 27.
Rxe5 Qd6 28. Rfxf5 1-0

[Event "Znojemská Rotunda 2008"]
[Site "?"]
[Date "2008.08.16"]
[Round "1.8"]
[White "Rysavy, Jindrich"]
[Black "Petlak, Josef"]
[Result "0-1"]
[WhiteElo "1453"]
[BlackElo "1977"]
[PlyCount "100"]
[EventDate "2008.08.??"]
[SourceDate "2008.08.16"]

1. e4 e6 2. d4 d5 3. e5 Be7 4. Bd3 g6 5. Ne2 b6 6. O-O Ba6 7. Bxa6 Nxa6 8. c3
c6 9. Nd2 Kf8 10. f4 h5 11. Nf3 Nh6 12. h3 Kg7 13. Ng5 h4 14. g4 hxg3 15. Nxg3
Nc7 16. Kg2 Nf5 17. Nxf5+ exf5 18. Rh1 Bxg5 19. fxg5 Ne6 20. h4 Rh5 21. Qe2 Qd7
22. a4 Rah8 23. Qf2 c5 24. Be3 cxd4 25. Bxd4 Rc8 26. a5 Qb5 27. axb6 axb6 28.
Rhd1 Rc4 29. Rd2 Ra4 30. Rxa4 Qxa4 31. b4 b5 32. Bb6 Qa1 33. Bd4 Qb1 34. Re2
$11 Kh7 35. Re1 Qd3 36. Re3 Qd1 37. Re2 Nxg5 38. Re1 Qg4+ 39. Qg3 Rxh4 40. Qxg4
Rxg4+ 41. Kf2 Ne6 42. Rh1+ Kg7 43. Be3 f4 44. Bc5 f6 45. exf6+ Kxf6 46. Rd1 Ke5
47. Re1+ Kf6 48. Kf3 Rg3+ 49. Kf2 Rxc3 50. Rd1 Nxc5 0-1

[Event "Znojemská Rotunda 2008"]
[Site "?"]
[Date "2008.08.17"]
[Round "1.9"]
[White "Simecek, Josef"]
[Black "Smrcková, Svetlana"]
[Result "1-0"]
[WhiteElo "1973"]
[BlackElo "1405"]
[PlyCount "99"]
[EventDate "2008.08.??"]
[SourceDate "2008.08.16"]

1. d4 d5 2. c4 e6 3. Nc3 Nf6 4. Bf4 c5 5. dxc5 Bxc5 6. e3 O-O 7. Nf3 Nc6 8. Be2
d4 9. exd4 Nxd4 10. Nxd4 Bxd4 11. Qc2 e5 12. Bg5 Qb6 13. O-O Re8 14. Bxf6 Qxf6
15. Nd5 Qd6 16. Bd3 g6 17. Kh1 Kg7 18. Rfe1 Be6 19. Ne3 f5 20. f3 Rac8 21. Rac1
Qb6 22. Nd1 Bd5 23. b3 a6 24. Nc3 Rcd8 25. Nxd5 Rxd5 26. Qd2 Rd7 27. Qc2 f4 28.
Be4 h5 29. Rcd1 Qe6 30. Bxb7 Rxb7 31. Rxd4 h4 32. Rxf4 Rh8 33. h3 Qd6 34. Rfe4
Re7 35. f4 Rhe8 36. Rxe5 Rxe5 37. Rxe5 Rxe5 38. Qc3 Kf6 39. Qxe5+ Qxe5 40.
fxe5+ Kxe5 41. Kg1 Kd4 42. Kf2 a5 43. Kf3 a4 44. bxa4 Kxc4 45. Kg4 Kb4 46. Kxh4
Kxa4 47. Kg5 Ka3 48. Kxg6 Kxa2 49. h4 Kb3 50. h5 1-0

[Event "Znojemská Rotunda 2008"]
[Site "?"]
[Date "2008.08.17"]
[Round "2.1"]
[White "Petlak, Josef"]
[Black "Slacky, Stanislav"]
[Result "0-1"]
[WhiteElo "1977"]
[BlackElo "2157"]
[PlyCount "32"]
[EventDate "2008.08.??"]
[SourceDate "2008.08.16"]

1. e4 Nf6 2. Bc4 d5 3. exd5 Nxd5 4. d4 e6 5. Nf3 Be7 6. c3 O-O 7. h4 b6 8. Ng5
h6 9. Qg4 f5 10. Qe2 hxg5 11. hxg5 Bxg5 12. Bxd5 exd5 13. Qh5 Bxc1 14. Qh7+ Kf7
15. Qh5+ Kf6 16. Nd2 Qe8+ 0-1

[Event "Znojemská Rotunda 2008"]
[Site "?"]
[Date "2008.08.17"]
[Round "2.2"]
[White "Dvorak, Libor"]
[Black "Simecek, Josef"]
[Result "1-0"]
[WhiteElo "2130"]
[BlackElo "1973"]
[PlyCount "33"]
[EventDate "2008.08.??"]
[SourceDate "2008.08.16"]

1. Nf3 Nf6 2. c4 c5 3. g3 g6 4. Bg2 Bg7 5. O-O O-O 6. Nc3 Nc6 7. d4 cxd4 8.
Nxd4 Ng4 9. e3 Nf6 10. b3 a6 11. Bb2 Qc7 12. Rc1 d6 13. Nd5 Qd7 14. Nb6 Qd8 15.
Nxa8 Bd7 16. c5 Qxa8 17. Nxc6 1-0

[Event "Znojemská Rotunda 2008"]
[Site "?"]
[Date "2008.08.17"]
[Round "2.3"]
[White "Blazek, Milos"]
[Black "Mikulu, Lukas"]
[Result "1-0"]
[WhiteElo "2017"]
[BlackElo "1915"]
[PlyCount "69"]
[EventDate "2008.08.??"]
[SourceDate "2008.08.16"]

1. e4 e5 2. Nf3 Nc6 3. Bb5 a6 4. Ba4 Nf6 5. O-O b5 6. Bb3 Bc5 7. Re1 d6 8. h3
Bb7 9. c3 Qd7 10. d4 Bb6 11. a4 O-O-O 12. axb5 axb5 13. Na3 exd4 14. cxd4 Na5
15. d5 Rhe8 16. Bc2 b4 17. Ba4 Qe7 18. Nc2 Nxe4 19. Be3 Nc4 20. Bxb6 Nxb2 21.
Qd4 Nxa4 22. Rxa4 cxb6 23. Nxb4 Qd7 24. Ra7 Nc5 25. Rxe8 Qxe8 26. Qxg7 Qe4 27.
Nc6 Bxc6 28. dxc6 Qxc6 29. Qxf7 Nd7 30. Nd4 Qc1+ 31. Kh2 Qg5 32. Ne6 Qe5+ 33.
f4 Qd5 34. Nxd8 Qe4 35. Qxd7+ 1-0

[Event "Znojemská Rotunda 2008"]
[Site "?"]
[Date "2008.08.17"]
[Round "2.4"]
[White "Bilek, Martin"]
[Black "Dobes, Oldrich"]
[Result "1-0"]
[WhiteElo "1969"]
[BlackElo "2032"]
[PlyCount "59"]
[EventDate "2008.08.??"]
[SourceDate "2008.08.16"]

1. e4 d5 2. exd5 Qxd5 3. Nc3 Qa5 4. Bc4 Nf6 5. d4 c6 6. Nf3 Bg4 7. h3 Bh5 8. g4
Bg6 9. Qe2 Nbd7 10. Bd2 Qc7 11. O-O-O Nb6 12. Bb3 O-O-O 13. Ne5 e6 14. Bf4 Bd6
15. h4 h5 16. Bg3 Bxe5 17. Bxe5 Qe7 18. g5 Ne8 19. Rhe1 Nd7 20. Bg3 Qb4 21.
Bxe6 fxe6 22. Qxe6 Bh7 23. g6 Nc7 24. Bxc7 Kxc7 25. gxh7 Qf8 26. d5 Rxh7 27.
dxc6 bxc6 28. Qe3 Kb7 29. Ne4 g6 30. Ng5 1-0

[Event "Znojemská Rotunda 2008"]
[Site "?"]
[Date "2008.08.17"]
[Round "2.5"]
[White "Jostic, Peter"]
[Black "Adam, Petr"]
[Result "1-0"]
[WhiteElo "2019"]
[BlackElo "1888"]
[PlyCount "63"]
[EventDate "2008.08.??"]
[SourceDate "2008.08.16"]

1. d4 d5 2. Nf3 Nf6 3. c4 e6 4. Bg5 c5 5. e3 Nbd7 6. Nc3 cxd4 7. exd4 Be7 8.
Qc2 h6 9. Bf4 dxc4 10. Bxc4 a6 11. O-O b5 12. Bxb5 axb5 13. Nxb5 O-O 14. Bc7
Qe8 15. Bg3 Ba6 16. Nc7 Qc8 17. Rfc1 Ra7 18. b4 Bd8 19. a4 Bxc7 20. Bxc7 Qb7
21. Bd6 Rc8 22. Qb2 Qd5 23. Bc5 Rb7 24. Qa3 Ne4 25. Rab1 Nexc5 26. dxc5 Nxc5
27. bxc5 Rxb1 28. Rxb1 Rxc5 29. h3 Ra5 30. Qe7 e5 31. Nh4 g5 32. Rb8+ 1-0

[Event "Znojemská Rotunda 2008"]
[Site "?"]
[Date "2008.08.17"]
[Round "2.6"]
[White "Vavrousek, Petr"]
[Black "Jadud, Oto"]
[Result "0-1"]
[WhiteElo "1898"]
[BlackElo "1989"]
[PlyCount "62"]
[EventDate "2008.08.??"]
[SourceDate "2008.08.16"]

1. e4 c5 2. Nf3 Nc6 3. d4 cxd4 4. Nxd4 e5 5. Nb5 a6 6. Nd6+ Bxd6 7. Qxd6 Qf6 8.
Qa3 Nge7 9. Be3 d5 10. exd5 Nxd5 11. Bd2 Qg6 12. Nc3 Nxc3 13. Qxc3 O-O 14.
O-O-O Bf5 15. Be3 Rac8 16. Bd3 Nd4 17. Qd2 Bxd3 18. Qxd3 Nxc2 19. Qxg6 hxg6 20.
Kb1 Nxe3 21. fxe3 Rfd8 22. Rxd8+ Rxd8 23. Kc2 f5 24. Rf1 Kf7 25. Rf2 Ke6 26.
Rf3 Kd5 27. e4+ Kxe4 28. Rb3 b5 29. Rc3 Rd6 30. Rc7 Ke3 31. Rc3+ Kf2 0-1

[Event "Znojemská Rotunda 2008"]
[Site "?"]
[Date "2008.08.17"]
[Round "2.7"]
[White "Holik, Jakub"]
[Black "Fojtik, Tomas"]
[Result "0-1"]
[WhiteElo "1683"]
[BlackElo "2093"]
[PlyCount "44"]
[EventDate "2008.08.??"]
[SourceDate "2008.08.16"]

1. d4 e6 2. c4 b6 3. Nc3 Bb7 4. e4 Bb4 5. Bd3 f5 6. d5 fxe4 7. Bxe4 Qh4 8. Qf3
Nf6 9. Bd3 O-O 10. Qg3 Qxg3 11. hxg3 exd5 12. Bd2 dxc4 13. Bxc4+ d5 14. Bb3
Nbd7 15. Nf3 Rae8+ 16. Kf1 Bc5 17. Rd1 c6 18. Bf4 h6 19. Re1 g5 20. Be5 Ng4 21.
Bd4 Ba6+ 22. Ne2 Bxd4 0-1

[Event "Znojemská Rotunda 2008"]
[Site "?"]
[Date "2008.08.17"]
[Round "2.8"]
[White "Mrazik, Vladislav"]
[Black "Bastyr, Pavel"]
[Result "0-1"]
[WhiteElo "1939"]
[BlackElo "1599"]
[PlyCount "64"]
[EventDate "2008.08.??"]
[SourceDate "2008.08.16"]

1. d4 d5 2. c4 e6 3. Nc3 Nf6 4. cxd5 exd5 5. Bg5 Be7 6. e3 O-O 7. Bd3 c6 8. Qc2
h6 9. Bh4 Bg4 10. f3 Bh5 11. Bxf6 Bxf6 12. g4 Bg6 13. Bxg6 fxg6 14. Qxg6 Bh4+
15. Kd2 Rf6 16. Qd3 Qe8 17. f4 Rg6 18. h3 Nd7 19. Nf3 Be7 20. Rhg1 Bb4 21. Raf1
Nf6 22. Ne5 Ne4+ 23. Kc2 Bxc3 24. Nxg6 Bd2 25. Ne5 Qd8 26. g5 h5 27. h4 Qa5 28.
a3 Qa4+ 29. Kb1 Nc3+ 30. bxc3 Qb3+ 31. Ka1 Qxa3+ 32. Kb1 Qb3+ 0-1

[Event "Znojemská Rotunda 2008"]
[Site "?"]
[Date "2008.08.17"]
[Round "2.10"]
[White "Smrcková, Svetlana"]
[Black "Bednar, Vaclav"]
[Result "0-1"]
[WhiteElo "1405"]
[BlackElo "1798"]
[PlyCount "98"]
[EventDate "2008.08.??"]
[SourceDate "2008.08.16"]

1. d4 Nf6 2. c4 c6 3. Nc3 d5 4. Bg5 Nbd7 5. e3 Qa5 6. Bd3 dxc4 7. Bxc4 Qxg5 8.
Qf3 e6 9. Nh3 Qg4 10. Be2 Qxf3 11. Bxf3 Bb4 12. O-O Bxc3 13. bxc3 O-O 14. a4 e5
15. Ng5 h6 16. Ne4 Nxe4 17. Bxe4 f5 18. Bd3 e4 19. Bc2 Nb6 20. f4 Nd5 21. Bb3
Kh7 22. Bxd5 cxd5 23. Rfc1 Be6 24. a5 Rfc8 25. a6 b5 26. Rab1 Rc6 27. Rxb5 Rxa6
28. Kf2 Ra2+ 29. Ke1 Rxg2 30. Kd1 Rxh2 31. Ra5 Rc8 32. Rxa7 Rh1+ 33. Kd2 Rxc1
34. Kxc1 Rxc3+ 35. Kd2 Rd3+ 36. Ke2 h5 37. Re7 Bg8 38. Re8 h4 39. Rf8 g6 40.
Rc8 h3 41. Rc1 Ra3 42. Kf2 Kg7 43. Rc7+ Kf6 44. Rc6+ Be6 45. Rc1 h2 46. Kg3
Rxe3+ 47. Kxh2 Rf3 48. Re1 Rxf4 49. Kg3 Rf3+ 0-1

[Event "Znojemská Rotunda 2008"]
[Site "?"]
[Date "2008.08.17"]
[Round "2.12"]
[White "Hemalova, Katerina"]
[Black "Havel, Vojtech"]
[Result "1/2-1/2"]
[WhiteElo "1250"]
[BlackElo "1684"]
[PlyCount "26"]
[EventDate "2008.08.??"]
[SourceDate "2008.08.16"]

1. d4 Nf6 2. c4 g6 3. Nc3 Bg7 4. Nf3 d6 5. e3 O-O $11 6. d5 $11 Nbd7 7. Bd3 Nc5
$11 8. O-O $11 Nxd3 9. Qxd3 Bg4 10. e4 Nd7 11. Re1 Nc5 12. Qe3 Qd7 $11 13. e5
Bxf3 $11 1/2-1/2

[Event "Znojemská Rotunda 2008"]
[Site "?"]
[Date "2008.08.17"]
[Round "3.1"]
[White "Slacky, Stanislav"]
[Black "Jostic, Peter"]
[Result "1/2-1/2"]
[WhiteElo "2189"]
[BlackElo "2019"]
[PlyCount "40"]
[EventDate "2008.08.??"]
[SourceDate "2008.08.16"]

1. d4 Nf6 2. f4 d5 3. Nf3 Bf5 4. e3 e6 5. Bd3 Ne4 6. O-O Nd7 7. c4 Be7 8. c5
O-O 9. Nc3 Nxc3 10. bxc3 Bxd3 11. Qxd3 Nf6 12. Ne5 Ne4 13. c6 bxc6 14. Nxc6 Qe8
15. Nxe7+ Qxe7 16. c4 Nd6 17. Ba3 dxc4 18. Bxd6 cxd6 19. Qxc4 Rfc8 20. Qd3 Rab8
1/2-1/2

[Event "Znojemská Rotunda 2008"]
[Site "?"]
[Date "2008.08.17"]
[Round "3.2"]
[White "Jadud, Oto"]
[Black "Dvorak, Libor"]
[Result "0-1"]
[WhiteElo "1989"]
[BlackElo "2130"]
[PlyCount "66"]
[EventDate "2008.08.??"]
[SourceDate "2008.08.16"]

1. e4 c5 2. Nf3 d6 3. d4 cxd4 4. Nxd4 Nf6 5. Nc3 g6 6. Bc4 Bg7 7. f3 Nc6 8. Be3
O-O 9. Qd2 Bd7 10. O-O-O Rc8 11. Bb3 Ne5 12. h4 h5 13. Bg5 Rc5 14. g4 hxg4 15.
Bxf6 Bxf6 16. f4 Nc4 17. Bxc4 Rxc4 18. Nde2 Qa5 19. Kb1 Rfc8 20. h5 Be6 21. Nd5
Qxd2 22. Nxf6+ exf6 23. Rxd2 Rxe4 24. hxg6 fxg6 25. Nd4 g3 26. Rd3 g2 27. Rg1
Bc4 28. Rdd1 Bf1 29. f5 Rce8 30. Nf3 Be2 31. Nd2 Bxd1 32. Nxe4 Rxe4 33. Rxd1
Rf4 0-1

[Event "Znojemská Rotunda 2008"]
[Site "?"]
[Date "2008.08.17"]
[Round "3.3"]
[White "Bilek, Martin"]
[Black "Blazek, Milos"]
[Result "1/2-1/2"]
[WhiteElo "1950"]
[BlackElo "2074"]
[PlyCount "22"]
[EventDate "2008.08.??"]
[SourceDate "2008.08.16"]

1. e4 e5 2. Nc3 Nf6 3. Bc4 Bc5 4. d3 d6 5. Be3 Bxe3 6. fxe3 c6 7. Bb3 O-O 8.
Nf3 Nbd7 9. O-O Nc5 10. Qe1 Nxb3 11. axb3 Be6 $11 1/2-1/2

[Event "Znojemská Rotunda 2008"]
[Site "?"]
[Date "2008.08.17"]
[Round "3.5"]
[White "Bastyr, Pavel"]
[Black "Petlak, Josef"]
[Result "0-1"]
[WhiteElo "1599"]
[BlackElo "1977"]
[PlyCount "104"]
[EventDate "2008.08.??"]
[SourceDate "2008.08.16"]

1. d4 d5 2. c4 e6 3. Nc3 Nf6 4. Bg5 Be7 5. e3 h6 6. Bh4 b6 7. cxd5 exd5 8. Nf3
O-O 9. Bd3 Be6 10. O-O c5 11. dxc5 bxc5 12. Qa4 Nbd7 13. Bb5 Nb6 14. Qc2 a6 15.
Be2 Nfd7 16. Bxe7 Qxe7 17. Rad1 Rfd8 18. Nd2 Qf6 19. Nb3 Qg5 20. Bf3 Ne5 21.
Qe2 Nxf3+ 22. Qxf3 Bg4 23. Qg3 Bxd1 24. Qxg5 hxg5 25. Rxd1 Rac8 26. Kf1 f6 27.
Ke2 Kf7 28. Kf3 Ke6 29. Rc1 Ke5 30. Ne2 Na4 31. Rc2 f5 32. h3 g6 33. Nbc1 Kd6
34. b3 Nb6 35. Rd2 a5 36. Nc3 Kc6 37. Nd3 Re8 38. Rc2 c4 39. Ne2 Kd6 40. bxc4
Nxc4 41. Nd4 Ne5+ 42. Nxe5 Rxc2 43. Nxc2 Kxe5 44. Nd4 Rc8 45. Ke2 Rc4 46. Kd3
Ra4 47. Kc3 Rxa2 48. Nc2 a4 49. f3 f4 50. exf4+ gxf4 51. h4 Rxc2+ 52. Kxc2 d4
0-1

[Event "Znojemská Rotunda 2008"]
[Site "?"]
[Date "2008.08.17"]
[Round "3.6"]
[White "Simecek, Josef"]
[Black "Hemala, Lubos"]
[Result "1-0"]
[WhiteElo "1973"]
[BlackElo "1666"]
[PlyCount "63"]
[EventDate "2008.08.??"]
[SourceDate "2008.08.16"]

1. d4 d5 2. c4 e6 3. Nc3 Nf6 4. Bg5 Be7 5. e3 O-O 6. Nf3 b6 7. cxd5 Nxd5 8.
Bxe7 Nxe7 9. Bd3 Bb7 10. O-O Nd7 11. Be4 c6 12. Qc2 f5 13. Bd3 c5 14. Ng5 Rf6
15. dxc5 Rg6 16. f4 Bxg2 17. Kxg2 h6 18. h4 hxg5 19. hxg5 Rc8 20. Be2 Rxc5 21.
Bh5 Nd5 22. Qe2 Rxg5+ 23. fxg5 Qxg5+ 24. Kh3 Nxe3 25. Rg1 Qh6 26. Rg6 Qh7 27.
Rag1 Ng4 28. Qxe6+ Kf8 29. Qe8+ Kxe8 30. Rxg7+ Kf8 31. Rxh7 Ngf6 32. Rf7+ 1-0

[Event "Znojemská Rotunda 2008"]
[Site "?"]
[Date "2008.08.17"]
[Round "3.7"]
[White "Mikulu, Lukas"]
[Black "Rysavy, Jan"]
[Result "0-1"]
[WhiteElo "1915"]
[BlackElo "1706"]
[PlyCount "58"]
[EventDate "2008.08.??"]
[SourceDate "2008.08.16"]

1. e4 c5 2. Nf3 d6 3. d4 cxd4 4. Nxd4 Nf6 5. Nc3 g6 6. Be3 Bg7 7. f3 O-O 8. Bc4
Bd7 9. Qd2 Nc6 10. O-O-O Rc8 11. Bb3 Ne5 12. g4 Nc4 13. Bxc4 Rxc4 14. h4 h5 15.
gxh5 Nxh5 16. Nde2 b5 17. Bh6 Qa5 18. Bxg7 Kxg7 19. Nf4 b4 20. Nxh5+ Qxh5 21.
Nd5 Rfc8 22. Ne3 R4c5 23. Qxb4 Kh7 24. Qd4 Be6 25. f4 Bxa2 26. f5 Qf3 27. fxg6+
fxg6 28. h5 Qxe3+ 29. Rd2 Rxc2+ 0-1

[Event "Znojemská Rotunda 2008"]
[Site "?"]
[Date "2008.08.17"]
[Round "3.8"]
[White "Bednar, Vaclav"]
[Black "Vavrousek, Petr"]
[Result "0-1"]
[WhiteElo "1798"]
[BlackElo "1898"]
[PlyCount "78"]
[EventDate "2008.08.??"]
[SourceDate "2008.08.16"]

1. e4 c5 2. Nc3 Nc6 3. f4 e6 4. Nf3 Nge7 5. Bb5 a6 6. Bxc6 Nxc6 7. d3 Be7 8.
Be3 d5 9. d4 dxe4 10. Nxe4 cxd4 11. Bxd4 Nxd4 12. Qxd4 Qa5+ 13. c3 O-O 14. b4
Qc7 15. Qe3 b5 16. O-O Bb7 17. Rac1 Qc4 18. Neg5 h6 19. Ne5 Qxa2 20. Ngf3 Rfd8
21. Rf2 Qb3 22. Nd4 Qd5 23. Re1 Bh4 24. Ree2 Bxf2+ 25. Rxf2 a5 26. bxa5 Rxa5
27. h3 Ra1+ 28. Kh2 b4 29. f5 exf5 30. Nxf5 Re8 31. Nxh6+ gxh6 32. Qg3+ Kf8 33.
Ng6+ Kg7 34. Ne5+ Kh8 35. Nxf7+ Kh7 36. Qh4 Ra6 37. Qxb4 Rg6 38. Qb2 Qe4 39. c4
Rg5 0-1

[Event "Znojemská Rotunda 2008"]
[Site "?"]
[Date "2008.08.17"]
[Round "3.9"]
[White "Adam, Petr"]
[Black "Chlapecka, Adam"]
[Result "1-0"]
[WhiteElo "1888"]
[BlackElo "1645"]
[PlyCount "71"]
[EventDate "2008.08.??"]
[SourceDate "2008.08.16"]

1. e4 c5 2. Nc3 Nc6 3. g3 g6 4. Bg2 Bg7 5. Nge2 e6 6. f4 Nge7 7. O-O O-O 8. d3
d6 9. h3 Rb8 10. a4 a6 11. Rb1 b5 12. b3 Nd4 13. Kh2 Bd7 14. axb5 axb5 15. Nxd4
Bxd4 16. Ne2 Bg7 17. Be3 Qc7 18. h4 d5 19. d4 c4 20. f5 Nc8 21. f6 Bh8 22. Bh6
Re8 23. e5 Nb6 24. Nf4 Rec8 25. h5 cxb3 26. cxb3 Qc2 27. Nxg6 hxg6 28. Qg4 Be8
29. Rbc1 Qxb3 30. hxg6 fxg6 31. f7+ Bxf7 32. Rxf7 Kxf7 33. Rf1+ Ke7 34. Bg5+
Bf6 35. Rxf6 Kd7 36. Rf7+ 1-0

[Event "Znojemská Rotunda 2008"]
[Site "?"]
[Date "2008.08.17"]
[Round "3.10"]
[White "Rysavy, Jindrich"]
[Black "Holik, Jakub"]
[Result "0-1"]
[WhiteElo "1453"]
[BlackElo "1719"]
[PlyCount "50"]
[EventDate "2008.08.??"]
[SourceDate "2008.08.16"]

1. e4 c5 2. Nf3 Nc6 3. d4 cxd4 4. Nxd4 e5 5. Nb5 d6 6. N1c3 a6 7. Na3 b5 8. Nd5
Bb7 9. Be3 Rc8 10. Be2 Nf6 11. Bb6 Qd7 12. Nxf6+ gxf6 13. Bg4 Qe7 14. Bxc8 Bxc8
15. Qd2 Rg8 16. f3 f5 17. O-O-O fxe4 18. fxe4 Qh4 19. Qd5 Nb4 20. Qb3 Qxe4 21.
Rhf1 Be6 22. c4 Bh6+ 23. Rd2 Nd3+ 24. Kd1 Bg4+ 25. Rf3 Qe1+ 0-1

[Event "Znojemská Rotunda 2008"]
[Site "?"]
[Date "2008.08.17"]
[Round "3.11"]
[White "Havel, Vojtech"]
[Black "Mrazik, Vladislav"]
[Result "1-0"]
[WhiteElo "1684"]
[BlackElo "1939"]
[PlyCount "65"]
[EventDate "2008.08.??"]
[SourceDate "2008.08.16"]

1. d4 d5 2. c4 c6 3. Nf3 Nf6 4. Nc3 e6 5. Bf4 dxc4 6. e4 b5 7. Qc2 Bb7 8. Rd1
Qa5 9. Bd2 Bb4 10. a3 Bxc3 11. Bxc3 Qc7 12. Be2 Nbd7 13. O-O O-O 14. Bb4 Rfd8
15. e5 Nd5 16. Ng5 g6 17. Bd6 Qb6 18. Qe4 c5 19. Qh4 h5 20. Bxh5 Kg7 21. dxc5
Nxc5 22. Bxg6 Rh8 23. Bh7 Qc6 24. Qh5 Nf4 25. Qxf7+ Kh6 26. Qf6+ Kh5 27. g4+
Kxg4 28. f3+ Kh5 29. Qxf4 Rxh7 30. Nxh7 Rg8+ 31. Kh1 Nd3 32. Qf7+ Rg6 33. Nf6+
1-0

[Event "Znojemská Rotunda 2008"]
[Site "?"]
[Date "2008.08.18"]
[Round "4.1"]
[White "Dvorak, Libor"]
[Black "Slacky, Stanislav"]
[Result "0-1"]
[WhiteElo "2130"]
[BlackElo "2157"]
[PlyCount "54"]
[EventDate "2008.08.??"]
[SourceDate "2008.08.16"]

1. Nf3 d5 2. c4 e6 3. g3 f5 4. Bg2 Nf6 5. O-O Be7 6. d3 O-O 7. Nc3 c6 8. Qc2 d4
9. Na4 c5 10. b4 cxb4 11. a3 Nc6 12. axb4 Bxb4 13. Ba3 Bxa3 14. Rxa3 e5 15. Rb1
Rb8 16. Qa2 Qe7 17. e3 dxe3 18. fxe3 Nb4 19. Qb2 Nxd3 20. Rxd3 e4 21. Rb3 exf3
22. Bxf3 Ne4 23. Qd4 b6 24. Bxe4 fxe4 25. c5 Qf7 26. R3b2 Bh3 27. Qd1 bxc5 0-1

[Event "Znojemská Rotunda 2008"]
[Site "?"]
[Date "2008.08.18"]
[Round "4.2"]
[White "Jostic, Peter"]
[Black "Bilek, Martin"]
[Result "0-1"]
[WhiteElo "1998"]
[BlackElo "1950"]
[PlyCount "86"]
[EventDate "2008.08.??"]
[SourceDate "2008.08.16"]

1. e4 c5 2. Nf3 e6 3. d4 cxd4 4. Nxd4 a6 5. Be3 Qc7 6. Bd3 Nf6 7. O-O b5 8. f4
d6 9. Nd2 Bb7 10. Rc1 Nbd7 11. c4 b4 12. Qa4 Be7 13. h3 O-O 14. Qxb4 Nc5 15.
Qc3 Nfxe4 16. Nxe4 Bxe4 17. Bxe4 Nxe4 18. Qc2 Qb7 19. b4 Rfc8 20. Qb1 Bf6 21.
Rfd1 Rc7 22. a4 Rac8 23. Qb3 d5 24. c5 Nxc5 25. bxc5 Bxd4 26. Qa3 Bxe3+ 27.
Qxe3 Qb4 28. Rd4 Qa5 29. f5 Rxc5 30. Rf1 Qc3 31. Rd3 Qf6 32. Rb3 h6 33. Rb7 d4
34. Qe2 Rxf5 35. Qxa6 Rxf1+ 36. Qxf1 Qxf1+ 37. Kxf1 Ra8 38. Rb4 e5 39. Ke2 f6
40. Kd3 Kf7 41. Kc4 Ke6 42. g4 Rc8+ 43. Kb3 d3 0-1